Normal view
MARC view
Entry Topical Term
001 - CONTROL NUMBER
- control field: 310265
003 - CONTROL NUMBER IDENTIFIER
- control field: OSt
005 - DATE AND TIME OF LATEST TRANSACTION
- control field: 20220926005422.0
008 - FIXED-LENGTH DATA ELEMENTS
- fixed length control field: 220926|| aca||aabn | a|a d
040 ## - CATALOGING SOURCE
- Original cataloging agency: OSt
- Transcribing agency: OSt
150 ## - HEADING--TOPICAL TERM
- Topical term or geographic name entry element: Economic Condition Gulf States
670 ## - SOURCE DATA FOUND
- Source citation: Work cat.: (OSt)613777: Bhargava Pradeep 122796, Political economy of he Gulf States, 1989
